Computer algorithms : (Record no. 612)
[ view plain ]
| 000 -LEADER | |
|---|---|
| fixed length control field | 00700nac a22002051u 4500 |
| 008 - FIXED-LENGTH DATA ELEMENTS--GENERAL INFORMATION | |
| fixed length control field | 130925b xxu||||| |||| 00| 0 eng d |
| 010 ## - LIBRARY OF CONGRESS CONTROL NUMBER | |
| LC control number | 99014185 |
| 020 ## - INTERNATIONAL STANDARD BOOK NUMBER | |
| International Standard Book Number | 0201612445 |
| 020 ## - INTERNATIONAL STANDARD BOOK NUMBER | |
| International Standard Book Number | 8178081717 |
| 082 00 - DEWEY DECIMAL CLASSIFICATION NUMBER | |
| Classification number | 005.1 |
| Item number | BAA |
| Edition number | 22 |
| 100 ## - MAIN ENTRY--PERSONAL NAME | |
| Personal name | Baase, Sara. |
| 9 (RLIN) | 33733 |
| 245 10 - TITLE STATEMENT | |
| Title | Computer algorithms : |
| Remainder of title | introduction to design and analysis. |
| 250 ## - EDITION STATEMENT | |
| Edition statement | 3rd ed. / |
| Remainder of edition statement | Sara Baase, Allen Van Gelder. |
| 260 ## - PUBLICATION, DISTRIBUTION, ETC. (IMPRINT) | |
| Place of publication, distribution, etc | New Delhi : |
| Name of publisher, distributor, etc | Pearson Education, |
| Date of publication, distribution, etc | c2005. |
| 300 ## - PHYSICAL DESCRIPTION | |
| Extent | xix, 688 p. : |
| Other physical details | ill. ; |
| Dimensions | 25 cm. |
| 504 ## - BIBLIOGRAPHY, ETC. NOTE | |
| Bibliography, etc | Includes bibliographical references (p. [669]-678) and index. |
| 650 #0 - SUBJECT ADDED ENTRY--TOPICAL TERM | |
| Topical term or geographic name as entry element | Computer algorithms. |
| 9 (RLIN) | 33734 |
| 700 1# - ADDED ENTRY--PERSONAL NAME | |
| Personal name | Van Gelder, Allen |
| 9 (RLIN) | 33735 |
| 942 ## - ADDED ENTRY ELEMENTS (KOHA) | |
| Item type | Book - Borrowing |
| Call number prefix | 005.1 BAA |
| Source of classification or shelving scheme | Dewey Decimal Classification |
| Withdrawn status | Item status | Source of classification or shelving scheme | Damaged status | Not for loan | Vendor | Home library | Current library | Shelving location | Date acquired | Source of acquisition | Cost, normal purchase price | Total Checkouts | Full call number | Barcode | Date last seen | Cost, replacement price | Koha item type | Total Renewals | Date last borrowed |
|---|---|---|---|---|---|---|---|---|---|---|---|---|---|---|---|---|---|---|---|
| Dewey Decimal Classification | Alef-Baa | Central Library | Central Library | Lower Floor | 19/07/2006 | 88.00 | 005.1 BAA | 000003999 | 15/07/2025 | 110.00 | Book - Borrowing | ||||||||
| Dewey Decimal Classification | Baccah | Central Library | Central Library | Lower Floor | 11/11/2013 | 1 | 005.1 BAA | 000029635 | 15/07/2025 | Book - Borrowing | 7 | 10/03/2024 |